| 000 | 00590nam a2200181 a 4500 | ||
|---|---|---|---|
| 001 | 000040619 | ||
| 005 | 20201002034245.0 | ||
| 008 | 130904s1996 sp 000 0 spa d | ||
| 020 | _a9788425419980 | ||
| 040 |
_aDO-SdBNP _bspa _cBNPHU |
||
| 100 | 1 |
_aBeuchot, Mauricio _948768 |
|
| 245 | 1 | 0 |
_aHistoria de la filosofía en el México Colonial / _cMauricio Beuchot. |
| 260 |
_aBarcelona : _bHerder, _c1996. |
||
| 300 |
_a280 p. ; _c22 cm. |
||
| 500 | _aSegunda reimpresión | ||
| 504 | _aIncluye referencias bibliográficas ynotas al pie de las páginas | ||
| 504 | _aBibliografía p. 267-280 | ||
| 999 |
_c40109 _d40109 |
||